000 00286 a2200145 4500
001 170866
020 _a
040 _cMagnum
100 _aAmorim, Luiz Carlos
240 1 0 _aO poder interior
_lpor
245 1 0 _aO poder interior
362 0 _a1899
697 _aGERAL
942 _cBK
999 _c170866
_d170866